Sei grande nell'amore (Record n. 101576)
[ formato base ]
| 000 -LEADER | |
|---|---|
| fixed length control field | 01410njm a2200325Ia 4500 |
| 001 - CONTROL NUMBER | |
| control field | 24012 |
| 003 - CONTROL NUMBER IDENTIFIER | |
| control field | IT-RoPAU |
| 005 - DATE AND TIME OF LATEST TRANSACTION | |
| control field | 20220918181145.0 |
| 008 - FIXED-LENGTH DATA ELEMENTS--GENERAL INFORMATION | |
| fixed length control field | 131025s9999 xx 000 0 und d |
| 040 ## - CATALOGING SOURCE | |
| Original cataloging agency | IT-RoPAU |
| 040 ## - CATALOGING SOURCE | |
| Transcribing agency | IT-RoPAU |
| 041 ## - LANGUAGE CODE | |
| Language code of text/sound track or separate title | ITALIANO |
| 999 ## - SYSTEM CONTROL NUMBERS (KOHA) | |
| Koha Dewey Subclass [OBSOLETE] | n.d. |
| 100 ## - MAIN ENTRY--PERSONAL NAME | |
| Personal name | Bonfitto Michele |
| 9 (RLIN) | 8252 |
| 100 ## - MAIN ENTRY--PERSONAL NAME | |
| Relator term | Autore musica |
| 9 (RLIN) | 8253 |
| 100 ## - MAIN ENTRY--PERSONAL NAME | |
| Miscellaneous information | Codice autore musica SPICS: 10767 |
| 9 (RLIN) | 8254 |
| 245 ## - TITLE STATEMENT | |
| Title | Sei grande nell'amore |
| 250 ## - EDITION STATEMENT | |
| Edition statement | 1a ed. |
| 260 ## - PUBLICATION, DISTRIBUTION, ETC. (IMPRINT) | |
| Place of publication, distribution, etc. | MILANO |
| 260 ## - PUBLICATION, DISTRIBUTION, ETC. (IMPRINT) | |
| Name of publisher, distributor, etc. | ECO |
| 300 ## - PHYSICAL DESCRIPTION | |
| Extent | DISCO |
| 500 ## - GENERAL NOTE | |
| General note | Canti per celebrazioni liturgiche per assemblea e organo con solo coro e complesso ritmico ad libitum. |
| 505 ## - FORMATTED CONTENTS NOTE | |
| Formatted contents note | Nella chiesa del Signore (entrata) - Signore pietà (formula tropato) - Gloria a Dio - Beati quelli che ascoltano (fra le letture) - Alleluia (al Vangelo) - Se qualcuno ha dei beni (alla presentazione dei doni) - Santo - Mistero della fede - Tuo è il regno (dopo il Padre nostro) - Agnello di Dio - Padre Santo (comunione) - Rimani con noi (finale) |
| 511 ## - PARTICIPANT OR PERFORMER NOTE | |
| Participant or performer note | Complesso diretto da Enzo Ceragioli |
| 650 ## - SUBJECT ADDED ENTRY--TOPICAL TERM | |
| Topical term or geographic name as entry element | LITURGICO [DISCHI] |
| Relator term | Codice MATERIA SPICS: 9950 |
| 9 (RLIN) | 966 |
| 700 ## - ADDED ENTRY--PERSONAL NAME | |
| Personal name | Bagni Antonio |
| Relator term | Autore |
| Miscellaneous information | Codice autore SPICS: 33564 |
| 9 (RLIN) | 8255 |
| 700 ## - ADDED ENTRY--PERSONAL NAME | |
| Personal name | Bonfitto Michele |
| Miscellaneous information | Codice autore SPICS: 10767 |
| Relator term | Autore |
| 9 (RLIN) | 1423 |
| 700 ## - ADDED ENTRY--PERSONAL NAME | |
| Personal name | Ferretti Ernesto |
| Relator term | Autore testo e musica |
| Miscellaneous information | Codice autore testo/musica SPICS: 33563 |
| 9 (RLIN) | 8256 |
| 942 ## - ADDED ENTRY ELEMENTS (KOHA) | |
| Koha item type | DISCHI |
| Source of classification or shelving scheme | Dewey Decimal Classification |
| Withdrawn status | Lost status | Damaged status | Not for loan | Home library | Current library | Date acquired | Total Checkouts | Full call number | Date last seen | Price effective from | Koha item type | Public note |
|---|---|---|---|---|---|---|---|---|---|---|---|---|
| Buone Condizioni | Not For Loan | SPICS-MEDIATECA | SPICS-MEDIATECA | 25/10/2013 | 24012 | 25/10/2013 | 25/10/2013 | DISCHI | Progr. Ins.: 4859 / N.Vol.: 1 / Copie: 1 - Copia rara: n.d. / date import: 01.01.2014 - By Epidotti, Trombetti, Vaglietti |